[Event "Titled Tuesday intern op 09th Jan Early"]
[Site "Chess.com INT"]
[Date "2024.01.09"]
[Round "1"]
[White "Skatchkov, Valery"]
[Black "Abrosimov, Vladimir"]
[Result "1-0"]
[WhiteElo "2213"]
[BlackElo "2341"]
[PlyCount "51"]
[EventDate "2024.01.09"]
[EventType "swiss (blitz)"]
[EventRounds "11"]
[EventCountry "USA"]
[SourceTitle "CB03_2024"]
[SourceDate "2024.01.17"]
[SourceVersion "1"]
[SourceVersionDate "2024.01.17"]
[SourceQuality "1"]

1. d4 b5 2. e4 a6 3. Bd3 Bb7 4. Ne2 e6 5. 0-0 Nf6 6. Nd2 c5 7. c3 d6 8. a4 c4 9. Bc2 Nbd7 10. Ng3 Be7 11. f4 Qc7 12. Nf3 Nb6 13. a5 Nc8 14. e5 Nd5 15. f5 Na7 16. fxe6 fxe6 17. Ng5 Bxg5 18. Bxg5 g6 19. Qg4 Qd7 20. Ne4 dxe5 21. Nc5 Qc6 22. Nxb7 exd4 23. Rae1 Kd7 24. Rf7+ Kc8 25. Rxe6 Qxb7 26. Re8# 1-0

[Event "Titled Tuesday intern op 27th Jun Early"]
[Site "Chess.com INT"]
[Date "2023.06.27"]
[Round "6"]
[White "Abrosimov, Vladimir"]
[Black "Gundam, Rohit"]
[Result "0-1"]
[WhiteElo "2341"]
[BlackElo "2058"]
[PlyCount "66"]
[EventDate "2023.06.27"]
[EventType "swiss (blitz)"]
[EventRounds "11"]
[EventCountry "USA"]
[SourceTitle "EXT 2024"]
[Source "ChessBase"]
[SourceDate "2023.10.10"]
[SourceVersion "1"]
[SourceVersionDate "2023.10.10"]
[SourceQuality "1"]

1. c4 Nf6 2. Nc3 e5 3. g3 c6 4. Bg2 d5 5. cxd5 cxd5 6. d4 e4 7. Bg5 Nbd7 8. Qd2 h6 9. Bf4 a6 10. a3 b5 11. Rc1 Bb7 12. b4 Rc8 13. e3 Nb6 14. Nge2 Nc4 15. Qa2 g5 16. Be5 Bg7 17. 0-0 0-0 18. a4 Qe7 19. axb5 axb5 20. Nxb5 Qxb4 21. Rb1 Qd2 22. Ra1 Ra8 23. Qxd2 Nxd2 24. Rxa8 Rxa8 25. Rd1 Ra2 26. Nd6 Ba6 27. Nc3 Rc2 28. Na4 Ng4 29. Bxg7 Kxg7 30. h3 Nxf2 31. Nf5+ Kf6 32. Kxf2 Nf3+ 33. Rd2 Rxd2# 0-1

[Event "Titled Tuesday intern op 27th Jun Early"]
[Site "Chess.com INT"]
[Date "2023.06.27"]
[Round "3"]
[White "Abrosimov, Vladimir"]
[Black "Molenda, Marcin"]
[Result "0-1"]
[WhiteElo "2341"]
[BlackElo "2403"]
[PlyCount "98"]
[EventDate "2023.06.27"]
[EventType "swiss (blitz)"]
[EventRounds "11"]
[EventCountry "USA"]
[SourceTitle "EXT 2024"]
[Source "ChessBase"]
[SourceDate "2023.10.10"]
[SourceVersion "1"]
[SourceVersionDate "2023.10.10"]
[SourceQuality "1"]

1. c4 e5 2. Nc3 Nf6 3. d3 Bb4 4. g3 0-0 5. Bg2 c6 6. e4 d5 7. cxd5 cxd5 8. Bd2 d4 9. Nb1 Qa5 10. a3 Bxd2+ 11. Qxd2 Qb6 12. b4 a5 13. bxa5 Rxa5 14. Ne2 Nc6 15. 0-0 Bg4 16. h3 Be6 17. f4 Rfa8 18. f5 Bd7 19. g4 Rb5 20. g5 Rb2 21. Qe1 Nh5 22. Nd2 Qa5 23. Nc4 Qxe1 24. Rfxe1 Rb3 25. Red1 b5 26. Nb6 Ra7 27. Nxd7 Rxd7 28. Bf3 Nf4 29. Nxf4 exf4 30. Rac1 Rc3 31. Rb1 h6 32. gxh6 Ne5 33. Be2 f3 34. Bf1 Rb7 35. hxg7 Kxg7 36. Rb4 Rd7 37. Rxb5 f6 38. a4 Rc2 39. Rbb1 Kh6 40. Rbc1 Rg7+ 41. Kh1 Rf2 42. a5 Kg5 43. Kg1 Ra2 44. Ra1 Kf4+ 45. Kh1 Rf2 46. a6 Kg3 47. Be2 Rh2+ 48. Kg1 f2+ 49. Kf1 Rh1# 0-1

[Event "Titled Tuesday intern op 06th Jun Early"]
[Site "Chess.com INT"]
[Date "2023.06.06"]
[Round "7"]
[White "Abrosimov, Vladimir"]
[Black "Herman, Daniel"]
[Result "0-1"]
[WhiteElo "2341"]
[BlackElo "1956"]
[PlyCount "94"]
[EventDate "2023.06.06"]
[EventType "swiss (blitz)"]
[EventRounds "11"]
[EventCountry "USA"]
[SourceTitle "EXT 2024"]
[Source "ChessBase"]
[SourceDate "2023.10.10"]
[SourceVersion "1"]
[SourceVersionDate "2023.10.10"]
[SourceQuality "1"]

1. c4 e5 2. Nc3 Bb4 3. d3 Nf6 4. g3 d5 5. cxd5 Qxd5 6. Nf3 e4 7. dxe4 Qxd1+ 8. Kxd1 Bxc3 9. bxc3 Nxe4 10. Ke1 Nc6 11. Bg2 0-0 12. Nd4 Nxc3 13. Nxc6 bxc6 14. Bxc6 Rb8 15. Ba3 Rd8 16. Be7 Rd4 17. Bc5 Rc4 18. Bxa7 Rb2 19. Bf3 Ba6 20. Be3 Nxa2 21. Kf1 Rcc2 22. Kg2 Bxe2 23. Rhe1 Bxf3+ 24. Kxf3 f6 25. Bd4 Rb3+ 26. Be3 c5 27. Rab1 c4 28. Ke4 Nc3+ 29. Kd4 Nxb1 30. Kd5 c3 31. Ke6 h6 32. Rd1 Nd2 33. Ra1 Kh7 34. Ra7 Rcb2 35. f4 Rb7 36. Ra6 Nc4 37. Bd4 Re2+ 38. Kd5 c2 39. Ra1 Rb1 40. Ra7 c1Q 41. Bxf6 Nb6+ 42. Kd6 Qd2+ 43. Kc6 Rc1+ 44. Kb7 Qd7+ 45. Ka6 Ra1+ 46. Kxb6 Rb1+ 47. Kc5 Rc2+ 0-1

[Event "Titled Tuesday intern op 06th Jun Early"]
[Site "Chess.com INT"]
[Date "2023.06.06"]
[Round "5"]
[White "Abrosimov, Vladimir"]
[Black "Reprintsev, Alexander"]
[Result "0-1"]
[WhiteElo "2341"]
[BlackElo "2238"]
[PlyCount "118"]
[EventDate "2023.06.06"]
[EventType "swiss (blitz)"]
[EventRounds "11"]
[EventCountry "USA"]
[SourceTitle "EXT 2024"]
[Source "ChessBase"]
[SourceDate "2023.10.10"]
[SourceVersion "1"]
[SourceVersionDate "2023.10.10"]
[SourceQuality "1"]

1. c4 e5 2. Nc3 Bb4 3. d3 c6 4. g3 d5 5. cxd5 cxd5 6. Bg2 d4 7. a3 Be7 8. Nb1 Nf6 9. Bg5 0-0 10. Nd2 Be6 11. Ngf3 Nbd7 12. 0-0 Nd5 13. Bxe7 Qxe7 14. Nc4 f6 15. b4 Nc3 16. Qd2 Rac8 17. Nb2 Nb6 18. Nd1 Nca4 19. Nb2 Nc3 20. Nd1 Bb3 21. Nxc3 dxc3 22. Qc1 Na4 23. Ne1 Qe6 24. Nc2 Bd5 25. Ne3 Bxg2 26. Kxg2 b5 27. Qc2 Rc7 28. Rfc1 Rfc8 29. Qa2 Kf7 30. Qxe6+ Kxe6 31. Ra2 f5 32. Rac2 f4 33. Nd1 g5 34. g4 h5 35. f3 hxg4 36. fxg4 Kd5 37. e4+ Kd4 38. Nf2 a5 39. Kf3 axb4 40. axb4 Ra8 41. Ra1 Nb6 42. Rxa8 Nxa8 43. Ke2 Ra7 44. Nd1 Ra3 45. h3 Nc7 46. Rc1 Ra2+ 47. Kf3 c2 48. Nf2 Na6 49. h4 gxh4 50. g5 Nxb4 51. g6 Nxd3 52. Nxd3 Kxd3 53. g7 Ra8 54. Rg1 Rg8 55. Kf2 Kd2 56. Kf3 c1Q 57. Rg2+ Kd3 58. Re2 Qf1+ 59. Rf2 Qh3# 0-1

[Event "Titled Tuesday intern op 06th Jun Early"]
[Site "Chess.com INT"]
[Date "2023.06.06"]
[Round "10"]
[White "Floresvillar Gonzalez, Luis Miguel"]
[Black "Abrosimov, Vladimir"]
[Result "0-1"]
[WhiteElo "2043"]
[BlackElo "2341"]
[PlyCount "72"]
[EventDate "2023.06.06"]
[EventType "swiss (blitz)"]
[EventRounds "11"]
[EventCountry "USA"]
[SourceTitle "EXT 2024"]
[Source "ChessBase"]
[SourceDate "2023.10.10"]
[SourceVersion "1"]
[SourceVersionDate "2023.10.10"]
[SourceQuality "1"]

1. e4 c5 2. d4 cxd4 3. c3 d3 4. Bxd3 d6 5. Nf3 Nc6 6. 0-0 g6 7. Bg5 Bg7 8. Nbd2 Nf6 9. Nc4 0-0 10. Qd2 b5 11. Ne3 a6 12. Nd5 Nxd5 13. exd5 Ne5 14. Nxe5 Bxe5 15. Rfe1 Re8 16. Bh6 Bb7 17. Be4 Qc7 18. Rad1 Rac8 19. a3 a5 20. g3 Qb6 21. Bg2 Ba6 22. h4 b4 23. axb4 axb4 24. cxb4 Rb8 25. h5 Qxb4 26. hxg6 hxg6 27. f4 Bxb2 28. Qxb4 Rxb4 29. Rb1 Bd4+ 30. Kh2 Rxb1 31. Rxb1 Bc5 32. Re1 f6 33. g4 Kh7 34. g5 f5 35. Kg3 Kg8 36. Bf1 Kf7 0-1

[Event "Titled Tuesday intern op 09th May Early"]
[Site "Chess.com INT"]
[Date "2023.05.09"]
[Round "2"]
[White "Przybylski, Wojciech"]
[Black "Abrosimov, Vladimir"]
[Result "0-1"]
[WhiteElo "2321"]
[BlackElo "2341"]
[PlyCount "96"]
[EventDate "2023.05.09"]
[EventType "swiss (blitz)"]
[EventRounds "11"]
[EventCountry "USA"]
[SourceTitle "CBM 214 Extra"]
[Source "ChessBase"]
[SourceDate "2023.07.31"]
[SourceVersion "1"]
[SourceVersionDate "2023.07.31"]
[SourceQuality "1"]

1. e4 c5 2. Nf3 d6 3. Nc3 Nf6 4. g3 e6 5. Bg2 Be7 6. 0-0 0-0 7. a4 Nc6 8. d3 a6 9. h3 Qc7 10. Nh2 d5 11. f4 dxe4 12. dxe4 b6 13. g4 Bb7 14. g5 Rad8 15. Qe1 Ne8 16. Be3 Nd6 17. b3 Nd4 18. Rc1 b5 19. Ng4 b4 20. Ne2 Bxe4 21. Bxe4 Nxe4 22. Bxd4 cxd4 23. Rf3 Nc3 24. Ng3 Na2 25. Ra1 Nc3 26. Nh5 Qc5 27. Nhf6+ Bxf6 28. gxf6 d3+ 29. Ne3 d2 30. Qg3 d1Q+ 31. Kh2 Qd2+ 32. Rf2 g6 33. Ng4 Ne4 34. Qh4 Qdxf2+ 35. Nxf2 Qxf2+ 36. Qxf2 Nxf2 37. Re1 Rd2 38. Kg3 Rc8 39. Re5 Rc3+ 40. Kg2 Nd3+ 41. Kf3 Nxe5+ 42. Ke4 Rdxc2 43. fxe5 Rxb3 44. Kf4 Rbc3 45. a5 Rc4+ 46. Kg5 R2c3 47. h4 Rg3+ 48. Kh6 Rxh4# 0-1

[Event "Titled Tuesday intern op 28th Mar Early"]
[Site "Chess.com INT"]
[Date "2023.03.28"]
[Round "3"]
[White "Abrosimov, Vladimir"]
[Black "Jaskolka, Tomasz"]
[Result "0-1"]
[WhiteElo "2341"]
[BlackElo "2238"]
[PlyCount "110"]
[EventDate "2023.03.28"]
[EventType "swiss (blitz)"]
[EventRounds "11"]
[EventCountry "USA"]
[SourceTitle "EXT 2024"]
[Source "ChessBase"]
[SourceDate "2023.10.10"]
[SourceVersion "1"]
[SourceVersionDate "2023.10.10"]
[SourceQuality "1"]

1. c4 c6 2. Nc3 d5 3. cxd5 cxd5 4. d4 Nc6 5. Nf3 Nf6 6. Bf4 Bf5 7. e3 e6 8. Bd3 Bxd3 9. Qxd3 Bd6 10. a3 Bxf4 11. exf4 0-0 12. Ne5 Qb6 13. Nxc6 bxc6 14. b4 a5 15. b5 cxb5 16. Nxb5 a4 17. 0-0 Rab8 18. Rab1 Rfc8 19. Nc3 Qa5 20. Ne2 Ne4 21. Ng3 Nd2 22. Rxb8 Rxb8 23. Rd1 Nc4 24. f5 exf5 25. Qxf5 g6 26. Qg5 Nxa3 27. Nf5 Qd8 28. Nh6+ Kg7 29. Nf5+ Kg8 30. Nh6+ Kf8 31. Qe5 f6 32. Qe6 Kg7 33. Ng4 Nc4 34. Re1 a3 35. h4 h5 36. Nxf6 Qxf6 37. Qxd5 Nd6 38. Qc5 Ra8 39. Ra1 Ne4 40. Qc2 Qf5 41. f3 Ng3 42. Qc3 Ne2+ 43. Kf2 Nxc3 44. Re1 Nd5 45. Re5 Qxe5 46. dxe5 a2 47. Kg3 a1Q 48. f4 Ra2 49. f5 Rxg2+ 50. Kxg2 gxf5 51. Kg3 Qxe5+ 52. Kf3 Qe3+ 53. Kg2 Nf4+ 54. Kh2 Qh3+ 55. Kg1 Qg2# 0-1

[Event "Titled Tuesday intern op 28th Mar Early"]
[Site "Chess.com INT"]
[Date "2023.03.28"]
[Round "10"]
[White "Abrosimov, Vladimir"]
[Black "Lisjak, Zlatko"]
[Result "0-1"]
[WhiteElo "2341"]
[BlackElo "2226"]
[PlyCount "154"]
[EventDate "2023.03.28"]
[EventType "swiss (blitz)"]
[EventRounds "11"]
[EventCountry "USA"]
[SourceTitle "EXT 2024"]
[Source "ChessBase"]
[SourceDate "2023.10.10"]
[SourceVersion "1"]
[SourceVersionDate "2023.10.10"]
[SourceQuality "1"]

1. c4 d6 2. Nc3 e5 3. g3 f5 4. Bg2 Nf6 5. d3 Be7 6. e4 0-0 7. Nge2 c6 8. 0-0 Qe8 9. f4 Qh5 10. h3 fxe4 11. Nxe4 Nxe4 12. dxe4 Bxh3 13. f5 Nd7 14. Nc3 Bg4 15. Bf3 Nf6 16. Bxg4 Nxg4 17. Rf2 Qh1+ 18. Kxh1 Nxf2+ 19. Kg2 Nxd1 20. Nxd1 d5 21. cxd5 cxd5 22. exd5 Rad8 23. Ne3 Bc5 24. a3 Bxe3 25. Bxe3 Rxd5 26. Bxa7 Rd2+ 27. Kf3 Rxb2 28. Ke4 Re2+ 29. Kd3 Rg2 30. Ke4 Rxg3 31. Kxe5 Rf3 32. Rb1 R3xf5+ 33. Ke4 R5f7 34. Ke5 Re8+ 35. Kd6 h5 36. Bb6 g6 37. Bc7 Kh7 38. Rxb7 Ree7 39. a4 Rd7+ 40. Kc6 Rd1 41. a5 Rf6+ 42. Kc5 Rc1+ 43. Kd5 Rf5+ 44. Be5+ Kh6 45. a6 Rd1+ 46. Ke6 Re1 47. Rb5 Rfxe5+ 48. Rxe5 Ra1 49. Kf7 Rxa6 50. Rb5 h4 51. Rb4 g5 52. Rb8 g4 53. Rh8+ Kg5 54. Rg8+ Kf4 55. Rb8 h3 56. Rb4+ Kg5 57. Rb5+ Kh4 58. Rb2 g3 59. Rb4+ Kg5 60. Rb5+ Kf4 61. Rb4+ Ke5 62. Rb5+ Kd4 63. Rb4+ Kc3 64. Rh4 h2 65. Rh3 Kd4 66. Rxg3 h1Q 67. Rg4+ Qe4 68. Rxe4+ Kxe4 69. Ke7 Ke5 70. Kd7 Rh6 71. Kc7 Kd5 72. Kd7 Rh7+ 73. Ke8 Ra7 74. Kf8 Ke6 75. Kg8 Kf6 76. Kh8 Kg6 77. Kg8 Ra8# 0-1

[Event "Titled Tuesday intern op 28th Mar Early"]
[Site "Chess.com INT"]
[Date "2023.03.28"]
[Round "2"]
[White "Sztokbant, Bernardo Vainzoff"]
[Black "Abrosimov, Vladimir"]
[Result "1-0"]
[WhiteElo "2213"]
[BlackElo "2341"]
[PlyCount "75"]
[EventDate "2023.03.28"]
[EventType "swiss (blitz)"]
[EventRounds "11"]
[EventCountry "USA"]
[SourceTitle "EXT 2024"]
[Source "ChessBase"]
[SourceDate "2023.10.10"]
[SourceVersion "1"]
[SourceVersionDate "2023.10.10"]
[SourceQuality "1"]

1. e4 c5 2. Nf3 d6 3. d4 cxd4 4. Nxd4 Nf6 5. Nc3 a6 6. Bc4 e6 7. Bb3 Be7 8. 0-0 0-0 9. f4 Bd7 10. Qf3 Nc6 11. Be3 Qc7 12. Nde2 b5 13. Rad1 b4 14. Na4 Na5 15. Bb6 Qb7 16. Bxa5 Qb5 17. Bb6 Rab8 18. Be3 Qa5 19. e5 Nd5 20. Bxd5 Qxa4 21. Bb3 Qb5 22. exd6 Bf6 23. Nd4 Qa5 24. f5 exf5 25. Nxf5 Rfe8 26. Nh6+ Kf8 27. Nxf7 Be6 28. d7 Bxf7 29. dxe8Q+ Rxe8 30. Bxf7 Kxf7 31. Bd4 Re6 32. Bxf6 Rxf6 33. Qb7+ Kg6 34. Qe4+ Kf7 35. Rd7+ Kf8 36. Qe7+ Kg8 37. Qe8+ Rf8 38. Qxf8# 1-0

[Event "Titled Tuesday intern op 21st Mar Early"]
[Site "Chess.com INT"]
[Date "2023.03.21"]
[Round "7"]
[White "Abrosimov, Vladimir"]
[Black "Kubatko, Ivan"]
[Result "0-1"]
[WhiteElo "2341"]
[BlackElo "2257"]
[PlyCount "84"]
[EventDate "2023.03.21"]
[EventType "swiss (blitz)"]
[EventRounds "11"]
[EventCountry "USA"]
[SourceTitle "EXT 2024"]
[Source "ChessBase"]
[SourceDate "2023.10.10"]
[SourceVersion "1"]
[SourceVersionDate "2023.10.10"]
[SourceQuality "1"]

1. c4 e6 2. Nc3 d5 3. cxd5 exd5 4. d4 c5 5. dxc5 d4 6. Nb1 Bxc5 7. Nf3 Nc6 8. Bf4 Nf6 9. Nbd2 Nd5 10. Bg3 Ne3 11. Qc1 Qa5 12. a3 Bf5 13. fxe3 dxe3 14. b4 Nxb4 15. axb4 Qxb4 16. Be5 0-0 17. Bc3 exd2+ 18. Qxd2 Qb6 19. Bd4 Rad8 20. Bxc5 Qxc5 21. Qc1 Qb4+ 22. Kf2 Be4 23. e3 Bxf3 24. gxf3 Rd2+ 25. Be2 Qh4+ 26. Kf1 Rfd8 27. Qc3 Qh3+ 28. Kf2 Rxe2+ 29. Kxe2 Qg2+ 30. Ke1 Qxh1+ 31. Kf2 Qxh2+ 32. Ke1 Qg1+ 33. Ke2 Qg2+ 34. Ke1 Qxf3 35. Rc1 h5 36. Ra1 Re8 37. Ra3 h4 38. Kd2 h3 39. e4 Qg2+ 40. Kc1 h2 41. Qd2 h1Q+ 42. Kc2 Qxe4+ 0-1

[Event "Titled Tuesday intern op 21st Mar Early"]
[Site "Chess.com INT"]
[Date "2023.03.21"]
[Round "10"]
[White "Abrosimov, Vladimir"]
[Black "Salgado Lopez, Oscar"]
[Result "1/2-1/2"]
[WhiteElo "2341"]
[BlackElo "2115"]
[PlyCount "58"]
[EventDate "2023.03.21"]
[EventType "swiss (blitz)"]
[EventRounds "11"]
[EventCountry "USA"]
[SourceTitle "EXT 2024"]
[Source "ChessBase"]
[SourceDate "2023.10.10"]
[SourceVersion "1"]
[SourceVersionDate "2023.10.10"]
[SourceQuality "1"]

1. c4 e6 2. Nc3 d5 3. cxd5 exd5 4. d4 c6 5. Nf3 Bd6 6. Bg5 Ne7 7. e3 Bf5 8. Bd3 Bxd3 9. Qxd3 0-0 10. 0-0 Nd7 11. a3 h6 12. Bh4 Qc7 13. Rac1 a6 14. b4 Qb8 15. Na4 Ng6 16. Bg3 Bxg3 17. hxg3 Qd6 18. Nc5 Rab8 19. Rc2 Nb6 20. Nd2 Rfe8 21. Rfc1 Nf8 22. a4 Ne6 23. a5 Nd7 24. Nf3 Nc7 25. Qf5 Nxc5 26. bxc5 Qe6 27. Qxe6 Rxe6 28. Ne5 Nb5 29. Re1 Rbe8 1/2-1/2

[Event "Titled Tuesday intern op 21st Mar Early"]
[Site "Chess.com INT"]
[Date "2023.03.21"]
[Round "8"]
[White "Manukian, Artak"]
[Black "Abrosimov, Vladimir"]
[Result "1/2-1/2"]
[WhiteElo "2196"]
[BlackElo "2341"]
[PlyCount "83"]
[EventDate "2023.03.21"]
[EventType "swiss (blitz)"]
[EventRounds "11"]
[EventCountry "USA"]
[SourceTitle "EXT 2024"]
[Source "ChessBase"]
[SourceDate "2023.10.10"]
[SourceVersion "1"]
[SourceVersionDate "2023.10.10"]
[SourceQuality "1"]

1. e4 c5 2. Nf3 d6 3. Bb5+ Bd7 4. Bxd7+ Nxd7 5. c4 Ngf6 6. Nc3 g6 7. 0-0 Bg7 8. d3 0-0 9. Bg5 h6 10. Be3 a6 11. Qd2 Kh7 12. h3 e6 13. a4 Ng8 14. Nh2 f5 15. f4 e5 16. g4 fxe4 17. dxe4 exf4 18. Bxf4 Bd4+ 19. Kg2 Ne5 20. Bxe5 dxe5 21. Nd5 Nf6 22. Nxf6+ Rxf6 23. Rxf6 Qxf6 24. Rf1 Qe7 25. Nf3 Rf8 26. b3 Rf4 27. Qe2 Qf7 28. Nd2 g5 29. Rf3 Kg6 30. Nf1 Rxf3 31. Qxf3 Qf4 32. Ng3 Qd2+ 33. Ne2 Qe1 34. Qf5+ Kg7 35. Nxd4 exd4 36. Qd7+ Kg6 37. Qd6+ Kg7 38. Qe7+ Kg6 39. Qe8+ Kg7 40. Qd7+ Kg6 41. Qe6+ Kg7 42. Qd7+ 1/2-1/2

[Event "Titled Tuesday intern op 14th Mar Late"]
[Site "Chess.com INT"]
[Date "2023.03.14"]
[Round "11"]
[White "Abrosimov, Vladimir"]
[Black "Elissalt Cardenas, Hector"]
[Result "0-1"]
[WhiteElo "2341"]
[BlackElo "2314"]
[PlyCount "86"]
[EventDate "2023.03.14"]
[EventType "swiss (blitz)"]
[EventRounds "11"]
[EventCountry "USA"]
[SourceTitle "EXT 2024"]
[Source "ChessBase"]
[SourceDate "2023.10.10"]
[SourceVersion "1"]
[SourceVersionDate "2023.10.10"]
[SourceQuality "1"]

1. c4 e5 2. Nc3 d6 3. g3 f5 4. Bg2 Nf6 5. d3 Be7 6. e4 0-0 7. Nge2 c6 8. 0-0 Na6 9. f4 fxe4 10. dxe4 Be6 11. b3 Qb6+ 12. Kh1 Ng4 13. Qe1 Ne3 14. Bxe3 Qxe3 15. f5 Bf7 16. Rf3 Qb6 17. g4 Qd8 18. Rh3 Bg5 19. Ng3 Nc5 20. Nh5 a5 21. Qe2 Qe7 22. Rf1 a4 23. b4 Na6 24. a3 Nc7 25. Qf3 Bxc4 26. Rf2 d5 27. exd5 cxd5 28. Qd1 Rad8 29. Qxa4 b5 30. Qc2 e4 31. Nf4 Qe5 32. Nfe2 Ne8 33. Rh5 Be3 34. Rf1 Nf6 35. Rh3 Bg5 36. Rh5 Nxh5 37. gxh5 Rc8 38. Rd1 Bxe2 39. Qxe2 Rxc3 40. Qxb5 Rc1 41. Rxc1 Bxc1 42. Qe2 Qxf5 43. b5 Bf4 0-1

[Event "Titled Tuesday intern op 14th Mar Late"]
[Site "Chess.com INT"]
[Date "2023.03.14"]
[Round "3"]
[White "Abrosimov, Vladimir"]
[Black "Santos Flores, Alberto Javier"]
[Result "0-1"]
[WhiteElo "2341"]
[BlackElo "2164"]
[PlyCount "98"]
[EventDate "2023.03.14"]
[EventType "swiss (blitz)"]
[EventRounds "11"]
[EventCountry "USA"]
[SourceTitle "EXT 2024"]
[Source "ChessBase"]
[SourceDate "2023.10.10"]
[SourceVersion "1"]
[SourceVersionDate "2023.10.10"]
[SourceQuality "1"]

1. c4 c5 2. Nc3 Nc6 3. g3 g6 4. Bg2 Bg7 5. d3 e6 6. e4 Nge7 7. Nge2 0-0 8. 0-0 b6 9. f4 Bb7 10. g4 Nd4 11. Be3 Nxe2+ 12. Qxe2 d5 13. cxd5 exd5 14. f5 d4 15. f6 dxe3 16. fxg7 Kxg7 17. Qxe3 Nc6 18. Nd5 Nd4 19. Qf2 Bxd5 20. exd5 Qd7 21. Qf6+ Kg8 22. Rae1 Rae8 23. h3 Rxe1 24. Rxe1 Re8 25. Rxe8+ Qxe8 26. Be4 Qd7 27. d6 Nb5 28. Qe7 Qxd6 29. Qe8+ Kg7 30. Qxb5 Qd4+ 31. Kf1 Qe3 32. Qb3 Qxh3+ 33. Kf2 Qxg4 34. Qc3+ Kg8 35. Qe5 Qh4+ 36. Ke2 h5 37. Qe8+ Kg7 38. Qe5+ Qf6 39. Qe8 Qxb2+ 40. Kf3 Qf6+ 41. Ke3 h4 42. Qc8 Qg5+ 43. Ke2 Qh5+ 44. Ke3 h3 45. Qd7 h2 46. Qe7 h1Q 47. Bxh1 Qxh1 48. Qe5+ Kh7 49. Qe7 Qe1+ 0-1

[Event "Titled Tuesday intern op 14th Mar Late"]
[Site "Chess.com INT"]
[Date "2023.03.14"]
[Round "5"]
[White "Abrosimov, Vladimir"]
[Black "Szyszylo, Rafal"]
[Result "1-0"]
[WhiteElo "2341"]
[BlackElo "2081"]
[PlyCount "107"]
[EventDate "2023.03.14"]
[EventType "swiss (blitz)"]
[EventRounds "11"]
[EventCountry "USA"]
[SourceTitle "EXT 2024"]
[Source "ChessBase"]
[SourceDate "2023.10.10"]
[SourceVersion "1"]
[SourceVersionDate "2023.10.10"]
[SourceQuality "1"]

1. c4 g6 2. Nc3 Nf6 3. g3 Bg7 4. Bg2 0-0 5. d3 d6 6. e4 e5 7. Nge2 a5 8. 0-0 Nc6 9. f4 exf4 10. gxf4 Ng4 11. h3 Nh6 12. d4 f5 13. e5 dxe5 14. fxe5 Nf7 15. Be3 Ne7 16. Nf4 c5 17. Ncd5 cxd4 18. Bxd4 Nc6 19. Nf6+ Bxf6 20. Bxc6 Nxe5 21. Bd5+ Kh8 22. Re1 Qc7 23. Qe2 Nf3+ 24. Qxf3 Bxd4+ 25. Kh1 Bxb2 26. Rab1 Be5 27. Nd3 Bg7 28. Re2 Rb8 29. Rbe1 Bd7 30. Re7 Qd8 31. Nc5 Bc6 32. Rxg7 Bxd5 33. cxd5 Qh4 34. Ree7 Rbe8 35. Rxh7+ Qxh7 36. Rxh7+ Kxh7 37. Ne6 Rf7 38. Qf4 Rc8 39. Ng5+ Kg7 40. Nxf7 Kxf7 41. Qd6 Rc1+ 42. Kg2 Rc2+ 43. Kg3 Rxa2 44. Qc7+ Kf6 45. d6 Ra3+ 46. Kf2 Ra2+ 47. Ke3 Ra3+ 48. Kd2 Ra2+ 49. Kc3 Ra3+ 50. Kb2 Rd3 51. d7 Rd2+ 52. Kc3 Rxd7 53. Qxd7 g5 54. Qxb7 1-0

[Event "Titled Tuesday intern op 14th Mar Late"]
[Site "Chess.com INT"]
[Date "2023.03.14"]
[Round "8"]
[White "Buchenau, Frank"]
[Black "Abrosimov, Vladimir"]
[Result "1-0"]
[WhiteElo "2222"]
[BlackElo "2341"]
[PlyCount "67"]
[EventDate "2023.03.14"]
[EventType "swiss (blitz)"]
[EventRounds "11"]
[EventCountry "USA"]
[SourceTitle "EXT 2024"]
[Source "ChessBase"]
[SourceDate "2023.10.10"]
[SourceVersion "1"]
[SourceVersionDate "2023.10.10"]
[SourceQuality "1"]

1. e4 c5 2. Nf3 d6 3. Bb5+ Bd7 4. Bxd7+ Nxd7 5. 0-0 Ngf6 6. Re1 g6 7. c3 Bg7 8. d4 cxd4 9. cxd4 0-0 10. Nc3 e5 11. Be3 a6 12. Qb3 b5 13. a4 exd4 14. Bxd4 Nc5 15. Bxc5 dxc5 16. axb5 axb5 17. Qxb5 Rb8 18. Qe2 Re8 19. e5 Nd5 20. Qc4 Nb4 21. e6 fxe6 22. Rxe6 Rxe6 23. Qxe6+ Kh8 24. Ne5 Bxe5 25. Qxe5+ Kg8 26. Ne4 Ra8 27. Nf6+ Kf7 28. Re1 Qxf6 29. Qc7+ Kg8 30. Qxc5 Rf8 31. f3 Qxb2 32. Qc4+ Kh8 33. Qc5 Nd3 34. Qxf8# 1-0

[Event "Titled Tuesday intern op 14th Mar Late"]
[Site "Chess.com INT"]
[Date "2023.03.14"]
[Round "1"]
[White "Diaz Perez, Michel Alejandro"]
[Black "Abrosimov, Vladimir"]
[Result "1-0"]
[WhiteElo "2414"]
[BlackElo "2341"]
[PlyCount "47"]
[EventDate "2023.03.14"]
[EventType "swiss (blitz)"]
[EventRounds "11"]
[EventCountry "USA"]
[SourceTitle "EXT 2024"]
[Source "ChessBase"]
[SourceDate "2023.10.10"]
[SourceVersion "1"]
[SourceVersionDate "2023.10.10"]
[SourceQuality "1"]

1. Nf3 d5 2. c4 c6 3. e3 Bf5 4. Nc3 h6 5. cxd5 cxd5 6. Qb3 Nf6 7. Qxb7 Nbd7 8. Nxd5 Nxd5 9. Qxd5 Be6 10. Qe4 Nc5 11. Bb5+ Bd7 12. Bxd7+ Nxd7 13. b3 e6 14. Bb2 Rc8 15. 0-0 Nf6 16. Qa4+ Nd7 17. Rfc1 Rg8 18. Ne5 Bd6 19. Nxd7 Rxc1+ 20. Rxc1 Qxd7 21. Rc8+ Ke7 22. Qxd7+ Kxd7 23. Rxg8 g6 24. g4 1-0

[Event "Titled Tuesday intern op 14th Mar Late"]
[Site "Chess.com INT"]
[Date "2023.03.14"]
[Round "7"]
[White "Gasparyan, Davit"]
[Black "Abrosimov, Vladimir"]
[Result "1-0"]
[WhiteElo "2077"]
[BlackElo "2341"]
[PlyCount "47"]
[EventDate "2023.03.14"]
[EventType "swiss (blitz)"]
[EventRounds "11"]
[EventCountry "USA"]
[SourceTitle "EXT 2024"]
[Source "ChessBase"]
[SourceDate "2023.10.10"]
[SourceVersion "1"]
[SourceVersionDate "2023.10.10"]
[SourceQuality "1"]

1. Nf3 d5 2. g3 c6 3. Bg2 Nf6 4. d4 Bf5 5. 0-0 h6 6. c4 Nbd7 7. cxd5 cxd5 8. Nc3 a6 9. Ne5 e6 10. f3 Bd6 11. e4 dxe4 12. fxe4 Bg4 13. Nxg4 Nxg4 14. Qxg4 Qb6 15. Qxg7 Rf8 16. Be3 Qxb2 17. Rfc1 b5 18. Rab1 Qa3 19. e5 Be7 20. Bxa8 b4 21. Rb3 Qa5 22. Ne4 Qb5 23. Rc8+ Bd8 24. Nd6+ 1-0

[Event "Titled Tuesday intern op 7th Mar Early"]
[Site "Chess.com INT"]
[Date "2023.03.07"]
[Round "10"]
[White "Balla, Tamas Kristof"]
[Black "Abrosimov, Vladimir"]
[Result "1-0"]
[WhiteElo "2302"]
[BlackElo "2341"]
[PlyCount "55"]
[EventDate "2023.03.07"]
[EventType "swiss (blitz)"]
[EventRounds "11"]
[EventCountry "USA"]
[SourceTitle "EXT 2024"]
[Source "ChessBase"]
[SourceDate "2023.10.10"]
[SourceVersion "1"]
[SourceVersionDate "2023.10.10"]
[SourceQuality "1"]

1. e4 c5 2. Nf3 d6 3. d4 cxd4 4. Qxd4 Nc6 5. Qe3 Nf6 6. c4 e6 7. Nc3 Be7 8. Be2 0-0 9. 0-0 a6 10. b3 Qc7 11. Bb2 Rd8 12. Rac1 d5 13. cxd5 exd5 14. exd5 Nxd5 15. Nxd5 Rxd5 16. Bc4 Rd8 17. Ng5 Bxg5 18. Qxg5 Nd4 19. Bxf7+ Qxf7 20. Qxd8+ Qf8 21. Qxd4 Be6 22. Rc7 Bf7 23. Rfc1 Rd8 24. Qg4 g6 25. Rc8 Re8 26. Rxe8 Bxe8 27. Qd4 Qf5 28. Qg7# 1-0